|
|
|
|
| LEADER |
00691nam#a2200241#a#4500 |
| 001 |
008547 |
| 005 |
20160721144755.0 |
| 008 |
020410s2000####sp##################spa#d |
| 020 |
|
|
|a 8483063662
|
| 040 |
|
|
|a AR-beUNQ
|
| 099 |
|
|
|a 35-K17
|
| 100 |
1 |
|
|a Koestler, Arthur
|
| 245 |
0 |
0 |
|a Autobiografía
|c Arthur Koestler.
|
| 250 |
|
|
|a 1a. ed.
|
| 260 |
|
|
|a Madrid :
|b Debate,
|c 2000
|
| 300 |
|
|
|a 303 p
|
| 490 |
0 |
|
|a Pequeña gran historia
|
| 500 |
|
|
|a La Biblioteca tiene solamente el v.1 : Flecha en el azul
|
| 600 |
1 |
4 |
|a KOESTLER, ARTHUR
|d 1905-1983
|
| 650 |
|
7 |
|a BIOGRAFIAS
|2 Spines
|
| 929 |
|
|
|a COMPRA
|b Margarita Pierini
|d 4,00E
|e 20020411
|f patrimonio
|j 31924
|
| 942 |
|
|
|c LIB
|n 0
|
| 999 |
|
|
|c 11041
|d 86428
|